| 000 | 00812pam a2200241 a 4500 | ||
|---|---|---|---|
| 001 | 1672396 | ||
| 005 | 20250225154040.0 | ||
| 008 | 981014s1999 nyu b 001 0 eng | ||
| 020 | _a9780789007056 | ||
| 050 | 0 | 0 |
_aRM666.H33 _bT94 1999 |
| 082 | 0 | 0 |
_a615/.321 _221 |
| 100 | 1 |
_aFoster, Steven, _d1957- |
|
| 245 | 1 | 0 |
_aTyler's honest herbal : _ba sensible guide to the use of herbs and related remedies / _cSteven Foster, Varro E. Tyler. |
| 250 | _a4th ed. | ||
| 260 |
_aNew York : _bHaworth Herbal Press, _cc1999. |
||
| 300 |
_axxi, 442 p. ; _c23 cm. |
||
| 500 | _aRev. ed. of: The honest herbal / Varro E. Tyler. 1992. | ||
| 650 | 0 |
_aHerbs _xTherapeutic use. |
|
| 650 | 0 | _aMateria medica, Vegetable. | |
| 700 | 1 | _aTyler, Varro E. | |
| 700 | 1 |
_aTyler, Varro E. _tHonest herbal. |
|
| 942 |
_2lcc _cBK _e4th ed. _n0 |
||
| 999 |
_c4342 _d4342 |
||